Net security : (Record no. 159505)

MARC details
000 -LEADER
fixed length control field 00743nam a2200253 i 4500
001 - CONTROL NUMBER
control field C2-0215793
003 - CONTROL NUMBER IDENTIFIER
control field PPAK
005 - DATE AND TIME OF LATEST TRANSACTION
control field 20180728104356.0
008 - FIXED-LENGTH DATA ELEMENTS--GENERAL INFORMATION
fixed length control field 990504s1997 ncua|||| ||||| | eng d
020 ## - INTERNATIONAL STANDARD BOOK NUMBER
International Standard Book Number 1566045185
040 ## - CATALOGING SOURCE
Original cataloging agency PPAK
Language of cataloging eng
Transcribing agency PPAK
Description conventions rda
082 04 - DEWEY DECIMAL CLASSIFICATION NUMBER
Classification number 005.8
Edition number 23
090 00 - LOCALLY ASSIGNED LC-TYPE CALL NUMBER (OCLC); LOCAL CALL NUMBER (RLIN)
Classification number (OCLC) (R) ; Classification number, CALL (RLIN) (NR) 005.8
Feature heading ALE
Feature heading R
100 1# - MAIN ENTRY--PERSONAL NAME
Personal name Alexander, Michael,
Relator term author
245 10 - TITLE STATEMENT
Title Net security :
Remainder of title you digital doberman
250 ## - EDITION STATEMENT
Edition statement 1st. edition
264 #1 - PRODUCTION, PUBLICATION, DISTRIBUTION, MANUFACTURE, AND COPYRIGHT NOTICE
Place of production, publication, distribution, manufacture North Carolina :
Name of producer, publisher, distributor, manufacturer Ventana ,
Date of production, publication, distribution, manufacture, or copyright notice 1997
300 ## - PHYSICAL DESCRIPTION
Extent xxii, 282 pages :
Other physical details illustrations ;
Dimensions 24 cm
336 ## - CONTENT TYPE
Source rdacontent
Content type term text
337 ## - MEDIA TYPE
Source rdamedia
Media type term unmediated
338 ## - CARRIER TYPE
Source rdacarrier
Carrier type term volume
650 10 - SUBJECT ADDED ENTRY--TOPICAL TERM
Topical term or geographic name entry element Electronic commerce - Security measures ; Computer security
942 ## - ADDED ENTRY ELEMENTS (KOHA)
-- dc
Koha item type Book
Holdings
Withdrawn Not for loan Current library Shelving location Date acquired Full call number Barcode Date last seen Koha item type
  Not For Loan Perpustakaan Jitra Rujukan Dewasa 04/05/1999 R 005.8 ALE A00254420 01/06/2018 Book
  Not For Loan Perpustakaan Kulim Rujukan Dewasa 04/05/1999 R 005.8 ALE A00254421 01/06/2018 Book